Tyre technology (Record no. 40539)

MARC details
000 -LEADER
fixed length control field 00263nam a2200109Ia 4500
082 ## - DEWEY DECIMAL CLASSIFICATION NUMBER
Classification number 678.065:62
Item number FRE
100 ## - MAIN ENTRY--AUTHOR NAME
Personal name French, Tom
245 #0 - TITLE STATEMENT
Title Tyre technology
260 ## - PUBLICATION, DISTRIBUTION, ETC. (IMPRINT)
Place of publication New York
Name of publisher Adam Hilger
Year of publication 1988
942 ## - ADDED ENTRY ELEMENTS (KOHA)
Koha item type Books
Holdings
Withdrawn status Lost status Damaged status Not for loan Home library Current library Date acquired Cost, normal purchase price Full call number Accession Number Koha item type
        RRII Library RRII Library 16/12/2021 34.50 678.065:62 FRE 20838 Books